Literary Title Drops Quiz Stats

 Plays Quiz Updated Jun 27, 2018

Score 0/20 Timer 06:00
3 Plays Today
% Correct
To Kill a Mockingbird
92%
All Quiet on the Western Front
90.7%
Gone with the Wind
89.7%
Their Eyes Were Watching God
88.1%
The Silence of the Lambs
84.7%
Lolita
84.3%
On Her Majesty's Secret Service
83.4%
And Then There Were None
83.3%
The Hitchhiker's Guide to the Galaxy
81.7%
A Study in Scarlet
75%
% Correct
The Grapes of Wrath
74.9%
Breakfast at Tiffany’s
74.9%
One Hundred Years of Solitude
70.4%
Catch-22
69.9%
The Lord of the Flies
62.6%
The Lovely Bones
61.1%
A Clockwork Orange
55.7%
The Bell Jar
52.6%
Les Misérables
47.7%
I Am Legend
43.1%

You're not logged in!

Compare scores with friends on all Sporcle quizzes.
OR
Log In

Sporcle TV

Today on Sporcle TV


Watch our educational content, quiz creation guides, and fun videos on Sporcle TV.

Show Comments

Extras

Top Quizzes Today


Score Distribution

Your Account Isn't Verified!

In order to create a playlist on Sporcle, you need to verify the email address you used during registration. Go to your Sporcle Settings to finish the process.

Report this User

Report this user for behavior that violates our Community Guidelines.

Details: